| 000 | 00653nam a22002177a 4500 | ||
|---|---|---|---|
| 999 |
_c5254 _d5254 |
||
| 003 | AR-CdUCM | ||
| 008 | 190312b ||||| |||| 00| 0 spa d | ||
| 040 |
_aMUNICIPALIDAD PROVINCIAL DEL CUSCO _cBIBLIOTECA MUNICIPAL DEL CUSCO |
||
| 082 |
_a869.56 / _bP22 |
||
| 100 |
_aParedes Macedo, Saturnino _915912 |
||
| 245 |
_aIndios sin tierra : _bPoemas / |
||
| 260 |
_aLima : _bEmpresa Gráfica Gutenberg, _c1948. |
||
| 300 |
_a94 paginas ; _c21 cm. |
||
| 500 | _aDonación familia Nieto | ||
| 505 | _aContenido :Poemas / | ||
| 650 |
_aLiteratura peruana _9169 |
||
| 650 |
_aSiglo XX _98 |
||
| 650 |
_aPoemas _9929 |
||
| 942 |
_2ddc _cLIBROS |
||
| 945 | _arjall | ||